Brooklyn Nets Roster 2019-20 - Statistics

General Stats
  • This quiz has been taken 50 times
  • The average score is 9 of 20
Answer Stats
# Pos. Player % Correct
7 F Kevin Durant
100%
11 G Kyrie Irving
100%
31 C Jarrett Allen
84%
6 C DeAndre Jordan
77%
22 G Caris Levert
74%
8 G Spencer Dinwiddie
70%
12 G-F Joe Harris
67%
2 F Taurean Prince
53%
17 G-F Garrett Temple
51%
Head Coach Kenny Atkinson
51%
21 F Wilson Chandler
33%
00 F Rodions Kurucs
28%
33 F-C Nicolas Claxton
26%
General Manager Sean Marks
26%
13 G-F Dzanan Musa
23%
1 G-F Theo Pinson
21%
0 G-F David Nwaba
19%
4 F-C Henry Ellenson
16%
Nets Owner Joseph Tsai
7%
15 G-F Timothe Luwawu-Cabarot
0%
No matching quizzes found
Score Distribution
Percent of People with Each Score
Percentile by Number Answered
Your Score History
You have not taken this quiz